[Event "Linares"]
[Site "13"]
[Date "1995.??.??"]
[Round "10"]
[White "Topalov, Veselin"]
[Black "Karpov, Anatoly"]
[Result "0-1"]
[WhiteElo "2630"]
[BlackElo "2780"]
[Annotator "JvR"]
[PlyCount "108"]
[EventDate "1995.??.??"]

1. e4 c6 2. d4 d5 3. exd5 cxd5 4. c4 Nf6 5. Nc3 e6 6. Nf3 Be7 7. cxd5 Nxd5 8.
Bd3 Nc6 9. O-O O-O 10. Re1 Bf6 11. Be4 Nce7 12. Qd3 h6 13. Ne5 Nxc3 14. Qxc3
Nf5 15. Be3 a5 $5 16. Rac1 a4 17. Red1 Nxe3 18. Qxe3 Qb6 19. Ng4 Bg5 20. f4 Be7
21. Bb1 Bd7 22. Qg3 f5 $2 {Karpov makes a grave error.} ({Correct is} 22...
Rfc8 $1 23. Nxh6+ Kf8 24. Rxc8+ Rxc8 25. Ng4 Qxb2 {(Karpov).}) 23. Nxh6+ Kh7
24. Ng4 Rfd8 25. Ne5 Be8 26. Qe3 Bf6 27. g4 $5 g6 28. gxf5 $6 ({Very strong is
} 28. Rc2 $1 Rac8 29. Rcd2) 28... exf5 29. Qc3 Rac8 30. Qh3+ Kg7 31. Rxc8 Rxc8
32. Qg2 Rd8 33. Qf2 Be7 34. h4 $6 Qf6 35. Rc1 Qxh4 36. Rc7 Kf8 37. Qe3 $2 ({
The simple} 37. Rxb7 {is okay.}) 37... Bd6 38. Rxb7 Bxe5 39. Qxe5 Qg3+ 40. Kf1
Qf3+ 41. Ke1 Qxb7 42. Qf6+ Bf7 43. Qxd8+ Kg7 44. d5 Qb4+ 45. Kd1 Qd4+ 46. Kc2
Qe4+ 47. Kc3 $5 Qxb1 48. d6 Qe1+ 49. Kd4 Qb4+ 50. Ke3 Qe4+ 51. Kd2 Qxf4+ 52.
Kc2 Qe4+ 53. Kd2 Qd4+ 54. Kc1 f4 0-1

[Event "Linares"]
[Site "13"]
[Date "1995.??.??"]
[Round "11"]
[White "Dreev, Alexey"]
[Black "Ivanchuk, Vassily"]
[Result "0-1"]
[WhiteElo "2650"]
[BlackElo "2700"]
[Annotator "JvR"]
[PlyCount "78"]
[EventDate "1995.??.??"]

1. d4 Nf6 2. c4 e6 3. Nf3 b6 4. Nc3 Bb4 5. Qb3 c5 6. Bf4 O-O 7. e3 d5 8. Rd1
Nbd7 $5 {Ivanchuk brings a novelty.} 9. cxd5 $2 Nxd5 10. Bg5 Qc7 11. Bc4 cxd4
12. Bxd5 Bxc3+ $1 13. bxc3 exd5 14. cxd4 Ba6 $1 {The answer to the new move
has been refuted.} 15. Nd2 (15. Qxd5 Qc3+ 16. Rd2 Rac8 {(Dautov)} 17. Qxd7 Qb4
$1) 15... Rfe8 16. Qa3 ({Or} 16. Qxd5 h6 17. Be7 Rac8) 16... Qb7 17. f3 Rac8
18. Qb3 Bc4 19. Qa3 $6 ({More resistance is offered by} 19. Nxc4 dxc4 20. Qc3
b5 21. O-O b4 {(Dautov).}) 19... Bb5 20. Rb1 Qa6 21. Qxa6 Bxa6 22. Kf2 Rc2 23.
Rhd1 h6 24. Bf4 Rec8 25. a3 R8c3 26. Bd6 Rd3 27. Bb4 Bb5 28. a4 Bxa4 29. Ra1
Bb5 30. Ra3 Rxa3 31. Bxa3 Ba4 32. Bc1 b5 33. e4 b4 34. Re1 b3 35. Ke3 b2 36.
Bxb2 Rxb2 37. exd5 Nb6 38. d6 f5 39. Nb1 Nd5+ 0-1

[Event "Linares"]
[Site "13"]
[Date "1995.??.??"]
[Round "12"]
[White "Ivanchuk, Vassily"]
[Black "Tiviakov, Sergei"]
[Result "1-0"]
[WhiteElo "2700"]
[BlackElo "2625"]
[Annotator "JvR"]
[PlyCount "71"]
[EventDate "1995.??.??"]

1. d4 Nf6 2. c4 e6 3. Nc3 Bb4 4. e3 O-O 5. Bd3 d5 6. Nf3 c5 7. O-O Nc6 8. a3
Bxc3 9. bxc3 dxc4 10. Bxc4 Qc7 11. Bb5 b6 12. Re1 Bb7 13. e4 Ne7 14. Bd3 Nd7 $5
15. g3 Rfd8 $2 ({Better is} 15... e5) 16. Bf4 Qc6 17. a4 Nf8 18. h4 Qe8 19. a5
$1 cxd4 20. cxd4 bxa5 21. Qb3 Bc6 22. Rxa5 f5 $5 {Black wants to reduce his
opponent's positional advantage.} 23. Ng5 $1 fxe4 24. Bxe4 Nd5 $6 {Tiviakov
allows a 'petite combinaison'.} (24... Qd7 {is preferable.}) 25. Nxe6 $1 Qxe6
26. Bxh7+ Kxh7 27. Rxe6 Nxe6 28. Qc2+ $1 Kh8 29. Qxc6 Nexf4 30. gxf4 Rac8 31.
Qg6 Nxf4 32. Qg4 Rc1+ 33. Kh2 Rxd4 34. Rxa7 Ne6 35. Qxe6 Rxh4+ 36. Kg3 {
Ivanchuk took the lead of half-a-point on Karpov just before the last round
had to begin.} 1-0

[Event "Linares"]
[Site "13"]
[Date "1995.??.??"]
[Round "13"]
[White "Akopian, Vladimir"]
[Black "Ivanchuk, Vassily"]
[Result "0-1"]
[WhiteElo "2655"]
[BlackElo "2700"]
[Annotator "JvR"]
[PlyCount "126"]
[EventDate "1995.??.??"]

1. d4 Nf6 2. Nf3 g6 3. c4 Bg7 4. g3 c5 5. Bg2 Qa5+ 6. Qd2 Qxd2+ $5 {Akopian
shows little ambition.} 7. Nbxd2 cxd4 8. Nxd4 Nc6 9. Nb5 O-O 10. O-O $6 (10. c5
$1 {opens square c4 for the queen's knight.}) 10... d6 $1 11. Rb1 Bf5 $1 12. e4
Bg4 13. Nc3 Nd7 14. h3 Bxc3 $5 {Although Ivanchuk will only need a draw for
the first place evantually, he brings a positional pawn sacrifice.} 15. bxc3
Be6 16. Rxb7 Rab8 17. Rb3 $5 Nde5 18. f4 Nxc4 19. Rxb8 Rxb8 20. Nb3 N4a5 21.
Nxa5 Nxa5 22. Be3 a6 {Black has the better pawn structure.} 23. e5 $6 (23. Rf2
Rb1+ 24. Kh2 Ra1 {(Dautov)} 25. Bb6 $1 Nc4 26. Bd8 Kf8 27. f5 Bd7 28. f6 {
gives sufficient counteraction.}) 23... dxe5 24. fxe5 Nc4 $5 25. Bg5 Kf8 26.
Re1 h5 $6 ({The obvious choice is} 26... Rb2) 27. Bf1 a5 28. a4 $2 {White
gives up the control over b3.} Rb3 29. Re4 $5 Rxc3 30. Bh6+ Ke8 31. Bxc4 Bxc4
32. Bd2 Rxg3+ 33. Kf2 Rd3 34. Bxa5 Bd5 35. Re3 Rd4 36. Ra3 Kd7 37. Bb6 Rf4+ 38.
Kg1 Ke6 39. a5 Rb4 40. Bd8 Rb8 41. Bb6 Rc8 42. Bd4 Rc4 43. Ba1 g5 44. a6 g4 45.
hxg4 hxg4 46. Bb2 Kf5 47. a7 Ba8 48. Rc3 Ra4 49. Ra3 Rb4 50. Bc3 Re4 51. Ra1 g3
52. Rf1+ Ke6 53. Ra1 Re3 54. Bd4 Rd3 55. Bc5 Rd5 $1 56. Bb4 f5 57. exf6 Rh5 58.
Re1+ Kf7 59. Kf1 Bf3 60. Rxe7+ Kxf6 61. Ke1 Rh1+ 62. Kd2 g2 63. Re3 Bb7 {
Ivanchuk had won the tournament with 10 points (seven wins and six draws).} 0-1

[Event "Linares"]
[Site "13"]
[Date "1995.??.??"]
[Round "13"]
[White "Karpov, Anatoly"]
[Black "Illescas Cordoba, Miguel"]
[Result "1/2-1/2"]
[WhiteElo "2780"]
[BlackElo "2595"]
[Annotator "JvR"]
[PlyCount "122"]
[EventDate "1995.??.??"]

1. d4 Nf6 2. c4 c6 3. Nc3 d5 4. e3 e6 5. Nf3 Nbd7 6. Bd3 dxc4 7. Bxc4 b5 8. Bd3
Bb7 9. O-O a6 10. e4 c5 11. d5 c4 12. Bc2 Qc7 13. Qe2 Bd6 14. Bg5 O-O-O 15.
Rad1 $5 h6 16. Bxf6 gxf6 {Karpov has selected a sharp opening because he wants
to win.} 17. a4 $2 ({Preferable is the noncommital} 17. Kh1 {(Ftacnik).}) 17...
b4 $1 18. Rd4 Bc5 19. dxe6 fxe6 20. Rxc4 Nb6 21. Rxc5 Qxc5 22. Na2 Kb8 23. Bb3
e5 $2 ({The solid} 23... a5 $1 24. Rc1 Qd6 {gains a big advantage.}) 24. Rc1
Qa5 25. Qe1 Rc8 26. Ra1 Rhd8 27. Nxb4 Ka8 28. Be6 Rc7 29. b3 Rd6 30. Bf5 Nc8
31. Nd5 Qxe1+ 32. Rxe1 Bxd5 33. exd5 Ne7 34. Bd3 Nxd5 35. Nh4 Ne7 36. Bc4 a5
37. g3 Ka7 38. Re3 Kb6 39. Kg2 Kc5 40. Nf3 Nc6 41. Ne1 Rd1 42. Kh3 Nd4 43. Nd3+
Kd6 $6 (43... Kb6 $1 44. f4 Nf5 $1 {keeps the attack going.}) 44. f4 $1 exf4
45. Nxf4 Re7 $2 {Illescas misses the last winning chance.} ({Black threatens
the hostile king by} 45... Rc5 46. Re8 Rd2 {He overcomes in} 47. Rd8+ Ke7 48.
Rd5 Rxd5 49. Nxd5+ Ke6 50. Ne3+ Ke5 51. Ng4+ Kf5 $1 52. Nxh6+ Kg6 $1) 46. Rxe7
Kxe7 47. Nd5+ Kd6 48. Nxf6 Kc5 49. Kg4 Kb4 50. Nd5+ Ka3 51. Nc3 Rh1 (51... Rc1
$1 52. Nb5+ Nxb5 53. Bxb5 $1) 52. Nb5+ $1 Nxb5 53. axb5 Rxh2 54. b6 Rd2 55. b7
Rd8 56. Kh5 Kb4 57. Be6 Rb8 58. Bd5 Kc5 59. Bg2 Kb4 60. Bd5 Kc5 61. Bg2 Kb4 {
Karpov became second, one point behind the winner.} 1/2-1/2

[Event "Linares"]
[Site "14"]
[Date "1997.??.??"]
[Round "1"]
[White "Anand, Viswanathan"]
[Black "Kasparov, Gary"]
[Result "0-1"]
[WhiteElo "2765"]
[BlackElo "2795"]
[Annotator "JvR"]
[PlyCount "82"]
[EventDate "1997.??.??"]

{We follow the race between Kasparov and Kramnik. Jan van Reek.} 1. e4 c5 2.
Nf3 d6 3. d4 cxd4 4. Nxd4 Nf6 5. Nc3 a6 6. Be2 e6 7. O-O Be7 8. a4 Nc6 9. Be3
O-O 10. f4 Qc7 11. Kh1 Re8 12. Bf3 Rb8 13. Qd2 Na5 14. Qf2 Nc4 15. Bc1 e5 16.
Nde2 exf4 17. Nxf4 Be6 18. b3 Ne5 19. Bb2 Rbc8 20. Rac1 Qc5 21. Qg3 g6 22. Nce2
Nxf3 23. gxf3 b5 24. axb5 axb5 25. Bd4 Qc6 26. Qg2 b4 27. Ng3 Qb5 28. Nxe6 fxe6
29. f4 e5 30. Bb2 Rc5 31. f5 $6 g5 $1 32. Rce1 $2 ({Right is} 32. h4 $1 g4 33.
Nh5 $1 Kh8 34. Nxf6 Bxf6 35. Rfd1 {(Kasparov).}) 32... Qc6 33. Re2 Kf7 34. Bc1
Rg8 35. Be3 Rc3 36. Bd2 Rxc2 37. Bxb4 Rxe2 38. Qxe2 h5 $1 39. Nxh5 $2 {
Suddenly Anand collapses.} ({A last stand is given by} 39. Re1 $1 g4 $1 40. Bd2
$1 ({Gary gives} 40. Qc4+ $2) 40... h4 41. Nf1 d5 42. exd5 Qxd5+ 43. Kg1) 39...
Nxe4 $1 40. Qf3 g4 41. Qg2 Rh8 0-1

[Event "Linares"]
[Site "14"]
[Date "1997.??.??"]
[Round "2"]
[White "Piket, Jeroen"]
[Black "Kramnik, Vladimir"]
[Result "0-1"]
[WhiteElo "2640"]
[BlackElo "2740"]
[Annotator "JvR"]
[PlyCount "100"]
[EventDate "1997.??.??"]

1. d4 d5 2. c4 c6 3. Nf3 Nf6 4. Nc3 e6 5. Bg5 h6 6. Bxf6 Qxf6 7. e3 Nd7 8. Bd3
dxc4 9. Bxc4 g6 10. O-O Bg7 11. e4 e5 12. d5 Nb6 13. Nd2 O-O 14. a4 Rd8 15. a5
Nxc4 16. Nxc4 Qg5 17. Qb3 Bh3 18. Ne3 Rab8 19. Rac1 Bf8 20. Kh1 Bd7 21. Ne2
cxd5 22. Nxd5 Be6 23. Rc7 Rdc8 24. Rxc8 Rxc8 25. Nec3 Rc7 26. h3 Kg7 27. Qb5
Rd7 28. a6 bxa6 29. Qxa6 Bc5 30. Qc6 Bd4 31. Nb5 Qd8 32. Nxd4 Bxd5 33. Qc5 Qb6
34. Qxb6 axb6 35. Nf3 Bxe4 36. Nxe5 Rd5 37. Nc4 b5 38. Nb6 $4 {Piket blunders
in time trouble.} ({Correct is} 38. f3 bxc4 39. fxe4 Re5 40. Rf3 Rxe4 41. b3 {
drawn.}) 38... Rd2 39. b4 Bd3 (39... Bb7 $1 {is even better (Kramnik).}) 40.
Re1 Rxf2 41. Re3 Bb1 42. Nc8 Rb2 43. Nd6 Rxb4 44. Re7 Ba2 45. Rb7 Rb1+ 46. Kh2
b4 47. Ne8+ Kf8 48. Nf6 h5 49. g4 h4 50. Kg2 Be6 0-1

[Event "Linares"]
[Site "14"]
[Date "1997.??.??"]
[Round "4"]
[White "Piket, Jeroen"]
[Black "Kasparov, Gary"]
[Result "1/2-1/2"]
[WhiteElo "2640"]
[BlackElo "2795"]
[Annotator "JvR"]
[PlyCount "102"]
[EventDate "1997.??.??"]

1. d4 Nf6 2. c4 g6 3. Nc3 Bg7 4. e4 d6 5. Nf3 O-O 6. Be2 e5 7. O-O Nc6 8. d5
Ne7 9. Ne1 Nd7 10. Be3 f5 11. f3 f4 12. Bf2 g5 13. Rc1 Ng6 14. c5 Nxc5 15. b4
Na6 16. Nd3 $5 {Piket brings a novelty.} h5 17. Nb5 Bd7 18. a4 Bh6 19. Rc3 $1
b6 $5 ({An improvement will become} 19... Rf7 $1 {(Korchnoi-Cvitan, Pula 1997).
}) 20. Be1 Rf7 21. Nf2 {He combines defence and attack.} Nh4 (21... Nxb4 $6 22.
Nxc7 {helps White.}) 22. Nxd6 $1 cxd6 23. Bxa6 {White has regained the pawn
with a positional advantage.} Qe8 24. Qe2 g4 $1 25. fxg4 {A critical position
has arisen.} Rg7 $2 ({Better is} 25... f3 $1 26. gxf3 Qe7) ({Gary suggests} 
25... Nxg2 $5 26. Kxg2 hxg4 27. Qc2 (27. Kh1 $2 f3 $1) 27... Rh7 {Now White
should not play} 28. Nh1 ({but} 28. Rg1 $1)) 26. h3 Qg6 27. Bb5 $1 Bxb5 28.
axb5 Rf8 29. Nd1 hxg4 $5 {Black starts a desperate action.} 30. Bxh4 f3 31. Qc2
gxh3 32. g3 $2 ({Piket misses the winning move} 32. Rcxf3) 32... Rf4 $1 33. Ne3
Rxe4 34. Nf5 $6 {Piket errs again under time pressure.} ({Right is} 34. Rxf3
Bxe3+ 35. Kh2) 34... Qxf5 35. Rcxf3 Qg4 36. Kh1 $6 ({More resistance is
offered by} 36. Rf8+ $1 Kh7 37. Re1 Qxh4 38. Kh1 Qxg3 39. Qxe4+ {(Piket)} Rg6
$1 40. Rf7+ Kg8 41. Rf2) 36... Rf4 $1 37. R3f2 Rxf2 38. Rxf2 e4 39. Rf6 e3 $1
40. Re6 Qf3+ $2 {Kasparov misses the win with his last move before the time
control.} ({Right is} 40... Rc7 $3 41. Rg6+ Bg7 $1 42. Rxg4 Rxc2 43. Bf6 {
(Piket)} Kf7 $1 44. Bxg7 e2) 41. Kg1 Rf7 42. Qg6+ Bg7 43. Re8+ Rf8 44. Rxf8+
Kxf8 (44... Qxf8 45. Qe6+ Qf7 46. Qxe3 Qxd5 47. Qe2 $1 {also draws (Piket).})
45. Be7+ $1 Kg8 46. Qe6+ Qf7 47. Qc8+ Bf8 48. Qg4+ Bg7 49. Qc8+ Kh7 50. Qxh3+
Bh6 51. Bg5 $1 Qf2+ {A great fight has ended.} 1/2-1/2

[Event "Linares"]
[Site "14"]
[Date "1997.??.??"]
[Round "4"]
[White "Topalov, Veselin"]
[Black "Kramnik, Vladimir"]
[Result "0-1"]
[WhiteElo "2725"]
[BlackElo "2740"]
[Annotator "JvR"]
[PlyCount "66"]
[EventDate "1997.??.??"]

1. d4 d5 2. c4 c6 3. Nf3 Nf6 4. Nc3 e6 5. g3 Nbd7 6. Bg2 dxc4 7. a4 Be7 8. O-O
O-O 9. e4 e5 10. dxe5 Ng4 11. Bf4 Qa5 12. e6 fxe6 13. Qe2 $6 ({Better is} 13.
e5 {(Wirthensohn-Schlosser, Graz 1993).}) 13... Nge5 14. Nd4 Nd3 $1 {A novelty
secures the slight advantage.} 15. Nxe6 Rf6 16. Bc7 Qb4 17. Nd4 Bc5 $1 (17...
Qxb2 18. Qxb2 Nxb2 19. e5 {gives counter-play to White.}) 18. Nc2 $5 {White
tries to catch a queen.} Qxb2 19. Nd1 Qb3 20. Nde3 N7e5 21. h3 Be6 22. Kh2 Rh6
$5 23. Rab1 $5 ({Variations are} 23. f4 $5 Ng4+ $1 24. Nxg4 Bxg4 25. Qxg4 Qxc2
26. h4 Rf8 {(Kramnik)}) ({and} 23. Rfb1 Qc3 $1 24. Nd1 $1 Bxh3 $1 25. Bxh3 Qxc2
$1 26. Qxc2 Nf3+ 27. Kh1 Rxh3+ 28. Kg2 Nfe1+) 23... Bg4 $1 {Kramnik has played
a brilliant move.} 24. Nxg4 ({Or} 24. f3 Nxf3+ $1 25. Bxf3 Bxh3 $1) 24... Nxg4+
25. Qxg4 Qxc2 26. Qg5 Nxf2 27. Rxf2 Qxf2 28. Rf1 Qd4 29. Be5 Qd7 30. Qc1 Qe6
31. Bxg7 Kxg7 32. Qg5+ Rg6 33. Qxc5 Qd6 0-1

[Event "Linares"]
[Site "14"]
[Date "1997.??.??"]
[Round "5"]
[White "Kasparov, Gary"]
[Black "Nikolic, Predrag"]
[Result "1-0"]
[WhiteElo "2795"]
[BlackElo "2655"]
[Annotator "JvR"]
[PlyCount "53"]
[EventDate "1997.??.??"]

1. e4 e5 2. Nf3 Nc6 3. d4 exd4 4. Nxd4 Nf6 5. Nxc6 bxc6 6. e5 Qe7 7. Qe2 Nd5 8.
c4 Ba6 9. b3 g5 10. g3 Bg7 11. Bb2 O-O $5 12. Nd2 $5 {Gary has found a new
move.} f6 $5 13. Qh5 $5 Nb4 14. h4 $1 g4 $1 (14... Nc2+ $6 15. Kd1 Nxa1 16.
hxg5 {leads to trouble for Black.}) (14... Qe8 $5 {accepts a slight
disadvantage (Kasparov).}) 15. Kd1 $1 {White plays another surprising move.} c5
16. a3 Nc6 $2 (16... Bb7 $1 17. axb4 Bxh1 18. Bd3 h6 {leads to equality 
(Kasparov).}) 17. Bd3 f5 18. Bxf5 Bxe5 19. Re1 d6 20. Be4 $1 Bb7 21. Qxg4+ Qg7
22. Bd5+ Kh8 23. Bxe5 dxe5 24. Qxg7+ Kxg7 25. Ne4 $1 Rad8 26. Nxc5 Bc8 27. Ra2
1-0

[Event "Linares"]
[Site "14"]
[Date "1997.??.??"]
[Round "6"]
[White "Ivanchuk, Vassily"]
[Black "Kramnik, Vladimir"]
[Result "0-1"]
[WhiteElo "2740"]
[BlackElo "2740"]
[Annotator "JvR"]
[PlyCount "84"]
[EventDate "1997.??.??"]

1. e4 c5 2. Nf3 d6 3. d4 cxd4 4. Nxd4 Nf6 5. Nc3 Nc6 6. Bg5 e6 7. Qd2 Be7 8.
O-O-O Nxd4 9. Qxd4 O-O 10. f4 Qa5 11. Bb5 Rd8 12. e5 dxe5 13. Qxe5 h6 14. Bh4
Ng4 15. Qh5 Nf6 16. Qe5 Ng4 17. Rxd8+ Qxd8 18. Bxe7 Qxe7 19. Qe2 ({Ivanchuk
diverts from} 19. Qd4 {(Kamsky-Kramnik, Groningen 1993).}) 19... Nf6 20. Rd1 a6
21. Bd3 b5 22. g4 Bb7 23. g5 hxg5 24. fxg5 Nd7 25. Qh5 Nf8 26. h4 Qb4 $5 {
Black starts a counteraction.} 27. Rf1 g6 28. Qh6 Qg4 29. Be2 Qh3 30. h5 $1 Bg2
$1 31. Rd1 {Kramnik has achieved a sharp struggle.} Qf5 $2 ({Right is} 31...
Qe3+ 32. Kb1 b4 33. hxg6 Nxg6 34. Bd3 bxc3 35. Bxg6 fxg6 36. Qxg6+ {drawn 
(Psakhis).}) 32. Rd3 $4 ({White gains an advantage by} 32. hxg6 $1 Qf4+ 33. Kb1
fxg6 34. Bd3) 32... b4 33. Nd1 Be4 34. Rd2 Qf4 $1 35. hxg6 Nxg6 36. Qh3 Qxg5
37. Qe3 Qxe3 38. Nxe3 a5 39. Rd4 f5 40. Ng4 Nf4 41. Bc4 Kg7 42. Nf2 Kf6 (42...
Kf6 43. Nxe4+ Ke5 $1 44. c3 fxe4 45. Kd1 Rh8 {and Black wins (Kramnik).}) 0-1

[Event "Linares"]
[Site "14"]
[Date "1997.??.??"]
[Round "6"]
[White "Topalov, Veselin"]
[Black "Kasparov, Gary"]
[Result "0-1"]
[WhiteElo "2725"]
[BlackElo "2795"]
[Annotator "JvR"]
[PlyCount "78"]
[EventDate "1997.??.??"]

1. c4 e6 2. Nc3 d5 3. d4 Be7 4. cxd5 exd5 5. Bf4 Nf6 6. e3 Bf5 7. Qb3 Nc6 $1 8.
g4 $6 (8. Qxb7 {follows the theory.}) 8... Nxg4 9. Nxd5 $6 ({Better is} 9. Qxd5
{(Kasparov).}) 9... O-O 10. Bg2 Bh4 11. Bg3 Be6 12. Kf1 a5 13. Nh3 a4 14. Qc4
Na5 15. Qc5 b6 16. Bxh4 bxc5 17. Bxd8 Raxd8 18. Ne7+ Kh8 19. d5 Bd7 20. Rc1 c4
21. Ng5 h6 22. Nf3 Rb8 23. h3 Nf6 24. Nd4 Rxb2 25. Bf3 Rxa2 26. Kg2 Re8 27.
Nec6 Bxc6 28. Nxc6 Nxc6 29. dxc6 Rxe3 30. Rxc4 Rb3 31. Rd4 Rbb2 32. Rf1 Rd2 33.
Rb4 Kh7 34. Rb7 Ne8 35. Kg3 g6 36. Re1 Nd6 37. Rxc7 Kg7 38. Rd7 Nf5+ 39. Kf4
Rxf2 0-1

[Event "Linares"]
[Site "14"]
[Date "1997.??.??"]
[Round "7"]
[White "Kasparov, Gary"]
[Black "Adams, Michael"]
[Result "1-0"]
[WhiteElo "2795"]
[BlackElo "2665"]
[Annotator "JvR"]
[PlyCount "65"]
[EventDate "1997.??.??"]

1. e4 Nf6 2. e5 Nd5 3. d4 d6 4. Nf3 dxe5 5. Nxe5 g6 $6 6. Bc4 c6 7. O-O Bg7 8.
Re1 O-O 9. Bb3 Nd7 10. Nf3 N7f6 11. c4 $1 Nc7 12. h3 $5 {White has gained a
positional advantage. Anand has failed in the opening.} c5 13. Nc3 cxd4 14.
Nxd4 Ne6 15. Be3 Nxd4 16. Qxd4 $1 Be6 {The exchange of queens would have a bad
effect.} 17. Qh4 Qa5 18. c5 $1 Bxb3 19. axb3 Qc7 20. b4 a6 $2 ({Better is} 
20... Rfe8 21. b5 {(Kasparov)} Qc8 $1 {but White's majority on the queenside
remains dangerous.}) 21. Bf4 $1 Qc6 22. Rxe7 Nd5 23. Nxd5 Qxd5 24. Qg4 Rae8 25.
Qd7 Qxd7 26. Rxd7 Bxb2 27. Rad1 Re4 28. Bd6 Rc8 29. Rxb7 Bc3 30. Rb1 Rc4 $5 31.
Rc1 $1 Rxb4 32. c6 Rd4 33. c7 ({The pointe is} 33. c7 Rxd6 34. Rb8) 1-0

[Event "Linares"]
[Site "14"]
[Date "1997.??.??"]
[Round "7"]
[White "Kramnik, Vladimir"]
[Black "Polgar, Judit"]
[Result "1-0"]
[WhiteElo "2740"]
[BlackElo "2645"]
[Annotator "JvR"]
[PlyCount "75"]
[EventDate "1997.??.??"]

1. Nf3 Nf6 2. c4 g6 3. Nc3 Bg7 4. d4 d6 5. e4 O-O 6. Be2 e5 7. O-O Nc6 8. d5
Ne7 9. b4 Nh5 10. Re1 f5 11. Ng5 Nf6 12. Bf3 c6 13. Be3 $1 {Kramnik plays a
fine improvement.} cxd5 14. cxd5 h6 15. Ne6 Bxe6 16. dxe6 fxe4 17. Nxe4 Nxe4
18. Bxe4 d5 19. Bc2 (19. Bc5 $5 dxe4 20. Qxd8 Rfxd8 21. Bxe7 {also favours
White (Kramnik).}) 19... e4 $6 {Black makes a wrong strategic decision.} ({
Appropriate is} 19... b6 {(Kramnik). The next year he will encounter} 20. Qg4
Rf6 {(Kramnik-Shirov, Linares 1998).}) 20. Rc1 d4 $2 (20... b6 {is alright 
(Kramnik).}) 21. Bd2 e3 22. fxe3 d3 {Polgár carries out an impressive action
in the centre.} 23. Bb3 Qd6 24. Qg4 Be5 25. Rf1 $1 {White gives priority to
the attack.} Bxh2+ 26. Kh1 Qg3 {Judit has overreached herself.} 27. Qd4 $1 Qe5
28. Rf7 $1 Rxf7 29. exf7+ Kh7 30. Qxe5 $1 Bxe5 31. Rc5 Bd6 32. Rc4 Nc6 33. b5
Ne5 34. Rd4 Bf8 35. Re4 Bg7 36. Bb4 d2 37. Rxe5 Rd8 38. Re8 {Kramnik and
Kasparov had scored four wins and three draws!} 1-0

[Event "Linares"]
[Site "14"]
[Date "1997.??.??"]
[Round "8"]
[White "Ivanchuk, Vassily"]
[Black "Kasparov, Gary"]
[Result "1-0"]
[WhiteElo "2740"]
[BlackElo "2795"]
[Annotator "JvR"]
[PlyCount "71"]
[EventDate "1997.??.??"]

1. d4 Nf6 2. c4 g6 3. Nc3 Bg7 4. e4 d6 5. f3 O-O 6. Bg5 a6 7. Qd2 c5 8. d5 b5
$6 9. cxb5 Nbd7 10. a4 Qa5 11. Nge2 Nb6 12. Nc1 axb5 13. Bxb5 Ba6 14. N1a2 Bxb5
15. axb5 Nh5 $6 {White keeps a plus, despite this novelty.} 16. Rb1 $1 Bd4 17.
Bh6 Rfe8 (17... f5 $6 18. Bxf8 Rxf8 19. b4 $1 {(Ivanchuk) does not convince
for Black.}) 18. b3 e6 19. dxe6 Rxe6 $2 ({Right is} 19... fxe6 $1 20. Be3 e5
21. O-O d5 $5 {(Ivanchuk).}) 20. Be3 Bxe3 21. Qxe3 d5 22. b4 $1 ({White avoids
} 22. Qxc5 $2 Nf4 $1) 22... Qa3 $6 23. bxc5 $1 Nc4 24. Qd4 Nf4 25. O-O $1 Qxa2
26. Rf2 $1 Qa3 27. Nxd5 Qd3 28. Qxd3 Nxd3 29. Rc2 Na3 30. Ra2 Nxc5 31. Rba1 f5
32. Nc7 Re5 33. Nxa8 Nxb5 34. exf5 gxf5 35. Nb6 Nc3 36. Rc2 1-0

[Event "Linares"]
[Site "14"]
[Date "1997.??.??"]
[Round "8"]
[White "Shirov, Alexei"]
[Black "Kramnik, Vladimir"]
[Result "1/2-1/2"]
[WhiteElo "2690"]
[BlackElo "2740"]
[Annotator "JvR"]
[PlyCount "65"]
[EventDate "1997.??.??"]

1. e4 c5 2. Nf3 d6 3. d4 cxd4 4. Nxd4 Nf6 5. Nc3 Nc6 6. Bg5 e6 7. Qd2 a6 8.
O-O-O h6 9. Be3 Be7 10. f4 Nxd4 11. Bxd4 b5 12. Kb1 Bb7 13. Bd3 O-O 14. e5 dxe5
15. fxe5 Nd7 16. Ne4 Bxe4 17. Bxe4 Rb8 $5 {The intention of the new move is to
prepare an attack. Shirov thinks for an hour and goes for the exchange.} 18.
Ba7 $1 Nxe5 19. Qc3 Bd6 20. Qd4 $1 {Pieces are activated before the exchange
is taken.} Bc7 21. Qc5 Qc8 22. Rhe1 Nc4 23. Bxb8 Qxb8 24. g3 ({No advantage
brings} 24. Bd3 Rc8 25. Bxc4 Ba5 26. Qh5 Bxe1 27. Bxe6 fxe6 28. Rxe1 Qd6 $1 {
(Shirov).}) 24... Be5 25. c3 Rc8 26. Qe7 {White has made several desired moves,
but Black still has an escape.} b4 $1 27. Qxb4 Qc7 $1 28. Qb7 Na3+ $1 29. Kc1 (
29. Ka1 Nc2+ 30. Kb1 Na3+ {delivers perpetual check.}) 29... Bf4+ $1 30. gxf4
Qxf4+ 31. Rd2 Rd8 32. Red1 Rxd2 33. Rxd2 (33. Rxd2 Qf1+ 34. Rd1 Qf4+ {and
Black gives another perpetual.  Kramnik took the lead on Kasparov.}) 1/2-1/2

[Event "Linares"]
[Site "14"]
[Date "1997.??.??"]
[Round "9"]
[White "Kasparov, Gary"]
[Black "Polgar, Judit"]
[Result "1-0"]
[WhiteElo "2795"]
[BlackElo "2645"]
[Annotator "JvR"]
[PlyCount "81"]
[EventDate "1997.??.??"]

1. e4 c5 2. Nf3 e6 3. d4 cxd4 4. Nxd4 Nc6 5. Nc3 Qc7 6. Be2 a6 7. O-O Nf6 8.
Be3 Bb4 9. Na4 Bd6 10. g3 Be7 11. c4 d6 $5 ({Known is} 11... Nxe4 {
(Gallagher-Barlov, Lenk 1989).}) 12. f3 ({The alternative is} 12. Nxc6 bxc6 {
(Teran Alvarez - Korneev, Dos Hermanas 2003).}) 12... Bd7 13. Rc1 O-O $6 ({
More active is} 13... Qa5 $1) 14. Nxc6 Bxc6 15. Nb6 Rad8 16. b4 Qb8 17. b5 Be8
18. a4 Nd7 19. Nxd7 Rxd7 $5 20. Qb3 Qc7 21. Rfd1 Rd8 22. Bd4 Ra8 23. Qc3 axb5
$6 ({Some counter-play gives} 23... e5 24. Be3 {(Kasparov)} f5 $1) 24. cxb5 $1
Qxc3 25. Rxc3 Rxa4 $2 ({Right is} 25... Bd8 $1) 26. Rc7 $1 Bg5 27. Bf2 $1 ({Not
} 27. Rxb7 $2 Rxd4 28. Rxd4 Be3+) 27... b6 28. Rb7 Ra2 29. Bf1 Rb2 30. f4 Bf6
31. Rxb6 Bc3 32. Rb7 g5 33. f5 Bb4 34. f6 h5 35. Rc1 Kh7 36. Rb8 d5 37. exd5
Bd6 38. Rd8 Be5 39. Rcc8 Bxb5 40. Bxb5 Rxd8 41. Bd3+ 1-0